000 00881cab a2200241 4500
001 WB2802-26
008 090401t1992 xxu||||| |||| 00| 0 eng d
035 _a(Sirsi) u886
041 _aeng
245 _aRICS agrees to TPC changes
260 _c1992
350 _a0
490 _aChartered Quantity Surveyor
_v(14)4 December 1991/ January 1992, 3(1)
520 _aDraft proposals for changes to the TPC format are in circulation awaiting divisional and general council decisions; agreement in principle to abandon the practice problem for QS candidates already having been granted.
650 _aAPC
_96216
650 _aCAREERS, EDUCATION AND TRAINING
650 _aRICS
650 _aTEST OF PROFESSIONAL COMPETENCE
650 _aCAREERS, EDUCATION AND TRAINING
690 _aMANAGEMENT-BUSINESS MANAGEMENT-PROFESSIONAL PRACTICE
942 _n0
948 _c04/03/1997
999 _c493
_d493